LEADER 01103nam0 22003011i 450 001 UON00488008 005 20231205105319.458 010 $a88-85943-83-7 100 $a20180424d1993 |0itac50 ba 101 $aita 102 $aIT 105 $a|||| ||||| 200 1 $aFilosofia ed ebraismo$aDa Spinoza a Levinas$fa cura di Katja Tenenbaum e Paolo Vinci 210 $aFirenze$cLa Giuntina$d1993 215 $a150 p.$d24 cm. 606 $aEBRAISMO$3UONC003227$2FI 606 $aFILOSOFIA EBRAICA$3UONC006034$2FI 620 $aIT$dFirenze$3UONL000052 676 $a102$cMiscellanea di filosofia$v21 702 1$aTENENBAUM$bKatja$3UONV239043 712 $aGiuntina$3UONV246231$4650 801 $aIT$bSOL$c20240220$gRICA 899 $aSIBA - SISTEMA BIBLIOTECARIO DI ATENEO$2UONSI 912 $aUON00488008 950 $aSIBA - SISTEMA BIBLIOTECARIO DI ATENEO$dSI FS 06771 $eSI FP 13681 6 $sSmarrito 996 $aDa Spinoza a Levinas$91542091 996 $aFilosofia ed ebraismo$91542090 997 $aUNIOR LEADER 01565nam0 22003371i 450 001 UON00224084 005 20231205103428.567 010 $a02-622-3138-7 100 $a20030730d1988 |0itac50 ba 101 $aeng 102 $aUS 105 $a|||| 1|||| 200 1 $aModern dreams$ethe rise and fall and rise of pop$fLawrence Alloway ... [et al.] 205 $aNew York : Institute for Contemporary Art$gCambridge$gLondon : MIT Press 210 $a191 p.$cin gran parte ill. ; 20 cm 215 $aIl testo tratta del 'The pop project', una serie di mostre presentate dall'Istituto per l'Arte Contemporanea sviluppate per la Clocktower Gallery, dal 22 ottobre 1987 al 12 giugno 1988. 606 $aArte contemporanea$xStati Uniti d'America$3UONC047940$2FI 606 $aPOP ART$xStati Uniti d'America$3UONC047941$2FI 620 $aUS$dNew York$3UONL000050 620 $aUS$dCambridge (Mass.)$3UONL000262 620 $aGB$dLondon$3UONL003044 676 $a709.04071$cBelle arti e arti decorative. 1900-1999. Pop art$v21 702 1$aALLOWAY$bLawrence$3UONV135905 712 $aInstitute For Contemporary Art$3UONV268892$4650 712 $aMit Press$3UONV245937$4650 801 $aIT$bSOL$c20260213$gRICA 899 $aSIBA - SISTEMA BIBLIOTECARIO DI ATENEO E ARCHIVIO STORICO$2UONSI 912 $aUON00224084 950 $aSIBA - SISTEMA BIBLIOTECARIO DI ATENEO E ARCHIVIO STORICO$dSI X ALL $eSI LO 40294 5 996 $aModern dreams$91269264 997 $aUNIOR